[Event "Troya op 23rd"]
[Site "Canakkale"]
[Date "2015.08.14"]
[Round "8"]
[White "Zeynalzade, Vali Imran"]
[Black "Zor, Alber Kadir"]
[Result "1/2-1/2"]
[WhiteElo "2188"]
[BlackElo "2080"]
[PlyCount "31"]
[EventDate "2015.08.08"]
[EventType "swiss"]
[EventRounds "9"]
[EventCountry "TUR"]
[SourceTitle "CBM 167 Extra"]
[Source "ChessBase"]
[SourceDate "2015.09.14"]
[SourceVersion "1"]
[SourceVersionDate "2015.09.14"]
[SourceQuality "1"]

1. e4 e6 2. d3 d5 3. Nd2 Nf6 4. Ngf3 c5 5. g3 Nc6 6. Bg2 Be7 7. 0-0 Qc7 8. Qe2 b5 9. e5 Nd7 10. Re1 0-0 11. h4 Bb7 12. Nf1 Nd4 13. Nxd4 cxd4 14. Bf4 Rfc8 15. Rec1 Qb6 16. Nh2 1/2-1/2

[Event "Troya op 23rd"]
[Site "Canakkale"]
[Date "2015.08.10"]
[Round "4"]
[White "Zeynalzade, Vali Imran"]
[Black "Erden, Kadir"]
[Result "1/2-1/2"]
[WhiteElo "2188"]
[BlackElo "2176"]
[PlyCount "39"]
[EventDate "2015.08.08"]
[EventType "swiss"]
[EventRounds "9"]
[EventCountry "TUR"]
[SourceTitle "CBM 167 Extra"]
[Source "ChessBase"]
[SourceDate "2015.09.14"]
[SourceVersion "1"]
[SourceVersionDate "2015.09.14"]
[SourceQuality "1"]

1. d4 Nf6 2. Bf4 c5 3. e3 Qb6 4. Nc3 cxd4 5. exd4 d6 6. Rb1 e6 7. Nf3 Be7 8. Bd3 Bd7 9. 0-0 Bc6 10. Qe2 0-0 11. Ne4 Nxe4 12. Bxe4 Bxe4 13. Qxe4 Nd7 14. Qe2 Rfe8 15. c4 Qa6 16. b4 Rac8 17. Rfc1 Nb6 18. b5 Qa4 19. Nd2 Qxa2 20. Ra1 1/2-1/2

[Event "Troya op 23rd"]
[Site "Canakkale"]
[Date "2015.08.09"]
[Round "2"]
[White "Zeynalzade, Vali Imran"]
[Black "Kuruz, Yusuf"]
[Result "1-0"]
[WhiteElo "2188"]
[BlackElo "1939"]
[PlyCount "125"]
[EventDate "2015.08.08"]
[EventType "swiss"]
[EventRounds "9"]
[EventCountry "TUR"]
[SourceTitle "CBM 167 Extra"]
[Source "ChessBase"]
[SourceDate "2015.09.14"]
[SourceVersion "1"]
[SourceVersionDate "2015.09.14"]
[SourceQuality "1"]

1. d4 d5 2. Bf4 Nf6 3. e3 g6 4. Nf3 Bg7 5. h3 0-0 6. Be2 c5 7. c3 cxd4 8. exd4 Ne4 9. Nbd2 Nxd2 10. Qxd2 b6 11. Ne5 Bb7 12. h4 Nd7 13. Nxd7 Qxd7 14. h5 Rae8 15. Bh6 e5 16. 0-0-0 Bxh6 17. Qxh6 Re7 18. dxe5 Rxe5 19. Bd3 Re6 20. f4 f5 21. g4 Qg7 22. Qxg7+ Kxg7 23. h6+ Kf6 24. gxf5 gxf5 25. Rh5 Ke7 26. Bxf5 Ref6 27. Bc2 R8f7 28. f5 Kd6 29. Rg1 Bc8 30. Rg7 Ke5 31. Rhg5 Bd7 32. Kd2 Be8 33. Rxf7 Rxf7 34. f6+ Ke6 35. Rg8 Bc6 36. Rg7 Rxf6 37. Rxh7 Rf2+ 38. Kd1 Rf1+ 39. Ke2 Bb5+ 40. Bd3 Bxd3+ 41. Kxd3 Rf3+ 42. Kc2 Rh3 43. Rh8 Kf7 44. h7 Kg7 45. Ra8 Kxh7 46. Rxa7+ Kg8 47. Rb7 Rh6 48. Kd3 Kf8 49. Kd4 Ke8 50. Kxd5 Kd8 51. a4 Kc8 52. Re7 Rh2 53. b4 Kb8 54. Kc6 Rh6+ 55. Kb5 Rg6 56. c4 Ka8 57. a5 bxa5 58. Kxa5 Kb8 59. c5 Kc8 60. b5 Kb8 61. c6 Rg8 62. Kb6 Ka8 63. Ra7+ 1-0

[Event "Troya op 23rd"]
[Site "Canakkale"]
[Date "2015.08.08"]
[Round "1"]
[White "Karakurt, Fahri"]
[Black "Zeynalzade, Vali Imran"]
[Result "1/2-1/2"]
[WhiteElo "1842"]
[BlackElo "2188"]
[PlyCount "86"]
[EventDate "2015.08.08"]
[EventType "swiss"]
[EventRounds "9"]
[EventCountry "TUR"]
[SourceTitle "CBM 167 Extra"]
[Source "ChessBase"]
[SourceDate "2015.09.14"]
[SourceVersion "1"]
[SourceVersionDate "2015.09.14"]
[SourceQuality "1"]

1. d4 d5 2. c4 Nc6 3. Nf3 Bg4 4. cxd5 Bxf3 5. gxf3 Qxd5 6. e3 e5 7. Nc3 Bb4 8. Bd2 Bxc3 9. bxc3 Qd6 10. Qb3 b6 11. f4 exf4 12. e4 Rd8 13. 0-0-0 Nge7 14. d5 Ne5 15. Qa4+ Nd7 16. Qxa7 0-0 17. Qa4 Ra8 18. Qc2 Ra3 19. Bc4 Rfa8 20. Kb1 Qe5 21. f3 Nc5 22. Rhg1 R8a4 23. Be2 Nb3 24. Bc1 Nxc1 25. Rxc1 Nc8 26. Bb5 Ra5 27. Bc4 Nd6 28. Bb3 Qe8 29. c4 Nb7 30. Qb2 g6 31. Rc3 Nc5 32. Qc2 Qe5 33. Rc1 Na6 34. Qb2 Nb4 35. Ka1 Qe8 36. Re1 Qe5 37. Rec1 Qe8 38. Re1 Qe5 39. Rec1 Qd4 40. Kb1 h5 41. Rd1 Qf6 42. Rc2 Qe7 43. Rcd2 Nxa2 1/2-1/2